Country Compass - Qatar - Statistics

General Stats
  • This quiz has been taken 12 times
  • The average score is 16 of 20
Answer Stats
Country % Correct
Chad
90%
China
90%
Democratic Republic of the Congo
90%
India
90%
Kenya
90%
Russia
90%
Tanzania
90%
Central African Republic
80%
Italy
80%
Libya
80%
Nepal
80%
Romania
80%
Seychelles (Platte)
80%
Sri Lanka
80%
Ukraine
80%
Montenegro
70%
Serbia
70%
Uganda
70%
Belarus
60%
Kazakhstan
50%
No matching quizzes found
Score Distribution
Percent of People with Each Score
Percentile by Number Answered
Your Score History
You have not taken this quiz